Largest U.S. Cities on International Borders - Statistics

General Stats
  • This quiz has been taken 13,703 times
  • The average score is 5 of 7
Answer Stats
Population State City % Correct
1,404,452 California San Diego
96%
645,705 Michigan Detroit
88%
681,723 Texas El Paso
88%
276,617 New York Buffalo
86%
191,967 Texas Brownsville
42%
261,260 Texas Laredo
40%
148,782 Texas McAllen
35%
No matching quizzes found
Score Distribution
Percent of People with Each Score
Percentile by Number Answered
Your Score History
You have not taken this quiz